000 02318nam a2200337 a 4500
003 CHAP
005 20230314174020.0
007 ta
008 230314s2012 mx a|||f |||| 001 0 spa d
020 _a978-607-17-1048-2
040 _amxchpua
_cCHAP
_erda
050 1 0 _aK1401
_b.A26 2012
082 0 0 _a346.048
_bA26 2012
_220
100 1 _9186399
_aAboites Manrique, Gilberto
_eautor
245 1 0 _aSemillas, negocio y propiedad intelectual :
_btomando como estudio de caso al maíz en México /
_cGilberto Aboites Manrique
250 _a1a edición
264 _aMéxico :
_bTrillas,
_c2012
300 _a184 páginas :
_bilustraciones, gráficas, tablas
336 _2rdacontent
_atexto
_btxt
337 _2rdamedia
_asin medio
_bn
338 _2rdacarrier
_avolumen
_bnc
504 _aBibliografía: páginas 165-176
520 _aLos vegetales constituyen una de las fuentes principales de alimentación humana; por ello, el acceso a los recursos biológicos y su control ha sido históricamente un factor de disputa entre diversos agentes sociales. En este libro se analiza la evolución reciente del mercado de semillas de maíz, así como los cambios en la estructura económica de la industria semillera, y el papel del fitomejoramiento, mediante el seguimiento de las legislaciones formuladas en méxico en materia de semillas y propiedad intelectual en variedades vegetales, con el fin de aportar nuevos conocimientos y participar en el debate sobre el tema. La historia del fitomejoramiento nos muestra como ha transcurrido el paso del hombre entre la ciencia, la técnica, el poder y los negocios. Por ello, a lo largo de este texto el autor ilustra la complejidad social del fenómeno, sin otra restricción que la evidencia bien valorada. Otra parte del presente estudio aborda la propiedad intelectual de variedades vegetales, la cual se encuentra estrechamente relacionada con el acceso y distribución del germoplasma; por esta razón, ambos aspectos se examinan aquí como parte de un proceso único.
650 1 3 _970848
_aMaíz
_zMéxico
650 1 3 _970848
_aMaíz
_xVariedades
650 1 3 _9155967
_aDerechos de propiedad intelectual
650 1 3 _9147463
_aCorn
_zMexico
650 1 3 _9147463
_aCorn
_xVarieties
650 1 3 _9155968
_aIntellectual property rights
942 _2ddc
_cLibro
999 _c218538
_d218538